000 02909cam a22004098i 4500
001 23730743
003 EG-ScBUE
005 20250216102100.0
008 240613s2024 enka f b 000 0 eng d
020 _a9781032428512
040 _aDLC
_beng
_erda
_cDLC
_dEG-ScBUE
041 0 _aeng
_aara
082 0 4 _a492.78241
_222
_bMOH
100 1 _aMuḥammad, Yaḥyá ʻAbd al-Mubdī,
_eauthor.
245 1 0 _aArabic for politics and international relations =
_bالعربية لأغراض السياسة والعلاقات الدولية /
_cYehia A. Mohamed.
246 3 1 _6880-03
_aعربية لأغراض السياسة والعلاقات الدولية
264 1 _aAbingdon, Oxon ;
_aNew York, NY :
_bRoutledge,
_c2024.
300 _axvii, 316 pages :
_billustrations ;
_c24 cm
336 _atext
_btxt
_2rdacontent
337 _aunmediated
_bn
_2rdamedia
338 _avolume
_bnc
_2rdacarrier
504 _aIncludes bibliographical references.
520 _a"Arabic for Politics and International Relations is the first textbook for high-intermediate to advanced students of Arabic that focuses on Arabic as it is used in the fields of politics, diplomacy, governance and international relations. Thematically organised, each chapter includes a selection of authentic reading texts that exemplify the language in use while introducing students to a key topic or theme such as political systems, government, human rights, conflict resolution and defence. Each chapter has a range of exercises that include comprehension questions, questions designed to develop vocabulary, understanding of morphology, rhetoric and style, and a range of activities that allow students to practice all four language skills: reading, listening, speaking, and writing. Arabic for Politics and International Relations is ideal for advanced-level Arabic courses"--
_cProvided by publisher.
546 _aEnglish and Arabic.
650 7 _aArabic language
_vTextbooks for foreign speakers
_xEnglish.
_2BUEsh
650 7 _aArabic language
_xRhetoric
_vProblems, exercises, etc.
_2BUEsh
650 7 _aCommunication in politics.
_2BUEsh
650 7 _aCommunication in international relations.
_2BUEsh
655 7 _vReading book
776 0 8 _iOnline version:
_aMuḥammad, Yaḥyá ʻAbd al-Mubdī.
_tArabic for politics and international relations
_dAbingdon, Oxon ; New York, NY : Routledge, 2024
_z9781003364573
_w(DLC) 2024022510
880 1 0 _6245-02/(3/r
_aArabic for politics and international relations /
_cYehia A. Mohamed = /
_cيحيى عبد المبدي محمد.
880 3 1 _6246-03/(3/r
_aعربية لأغراض السياسة والعلاقات الدولية
906 _a7
_bcbc
_corignew
_d1
_eecip
_f20
_gy-nonroman
942 _2ddc
_cBB
999 _c30890
_d30861